000
00275nam a2200109Ia 4500
008
220204s9999 xx 000 0 und d
082
_a
612
_b
LAN
245
0
_a
Homeostasis: Origins of the concept
260
_a
Stroudsburg
_b
Dowden
_c
1973
700
_a
Langley, L L
942
_c
BK
999
_c
29708
_d
29708